000 01037nam a2200277Ia 4500
003 OSt
005 20221005110345.0
006 a|||||r|||| 00| 0
007 ta
008 221004b |||||||| |||| 00| 0 hin d
020 _a9788189859961 (hbk)
_cIndian Rupees 480
024 _a43852
037 _bGift, 29/05/2019,
_cTextual
040 _aCRL
_cCRL
_bhin
041 _2hin
_ahin
082 _aP:795, 152Q1
100 _aतिवारी, भोलानाथ, ले.
245 0 _aअनुवाद विज्ञान
_b सिद्धान्त एवं प्रविधि
246 _aAnuvād vijnyāna: siddhānta evan pravidhi
260 _aनई दिल्ली
_bकिताबघर प्रकाशन भारत
_c2011
300 _a378पृ0
_ccm.
650 _a अनुवाद
650 _aहिन्दी भाषा
942 _hP:795, 152Q1
_cTEXL
_2cc
999 _c1018567
_d1018567